Aparatos para la estereocartografía y para el complemento de cartas
Збережено в:
| Формат: | Книга |
|---|---|
| Мова: | Spanish |
| Опубліковано: |
[San José , Costa Rica] [editor no identificado]
[19?]
|
| Теги: |
Додати тег
Немає тегів, Будьте першим, хто поставить тег для цього запису!
|
MARC
| LEADER | 00000nam a2200000Ia 4500 | ||
|---|---|---|---|
| 003 | MV0028 | ||
| 005 | 20221231143953.0 | ||
| 008 | 140114s19? a 000 ||spa d | ||
| 040 | |c cru CEDI | ||
| 090 | |a MV 28 | ||
| 245 | |a Aparatos para la estereocartografía y para el complemento de cartas | ||
| 260 | |a [San José , Costa Rica] [editor no identificado] |c [19?] | ||
| 300 | |a 59 páginas :ilustraciones a color | ||
| 942 | |c MX |2 ddc | ||
| 999 | |c 14974 |d 14974 | ||
